000 00664nam a22002057a 4500
005 20160708114348.0
010 _aENG-115382
020 _a9789380574226
_c4500.00
035 _aEN-98914
037 _bDBAD/PUB
082 _a912.5411
100 _aGurbakhsh Singh
245 _aResource planning atlas of Jammu & Kashmir :
_bpeople, land & forest : Jammu
_cby Gurbakhsh Singh
260 _aDelhi
_bBookwell
_c2014
270 _a3/79,Nirankari Colony
_bDelhi
_e110009
300 _a246p. :
_bill.(maps)
_c28cm(Hb)
500 _aIncludes bibliographical references
650 _aNatural resources
_xPlanning
942 _2ddc
_cEN
_h912.5411
_mGUR
999 _c101178
_d101178